Report of the Commission for reservation of seats in educational institutions, Kerala (Record no. 489477)

000 -LEADER
fixed length control field 00485cam a22001337a 4500
008 - FIXED-LENGTH DATA ELEMENTS--GENERAL INFORMATION
fixed length control field 180718b1965 xxu||||| |||| 00| 0 eng d
082 ## - DEWEY DECIMAL CLASSIFICATION NUMBER
Classification number P234x5451 K45
100 ## - MAIN ENTRY--PERSONAL NAME
Personal name Kerala. Commission for Reservation of Seats in Educational Institutions
245 ## - TITLE STATEMENT
Title Report of the Commission for reservation of seats in educational institutions, Kerala
260 ## - PUBLICATION, DISTRIBUTION, ETC.
Place of publication, distribution, etc. Trivandrum
Name of publisher, distributor, etc. The author
Date of publication, distribution, etc. 1965
300 ## - PHYSICAL DESCRIPTION
Extent 142+p.
500 ## - GENERAL NOTE
General note Chairman: V. Kumara Pillai
700 ## - ADDED ENTRY--PERSONAL NAME
Personal name Pillai, V. Kumara (Chairman)
Holdings
Withdrawn status Lost status Damaged status Not for loan Permanent Location Current Location Date acquired Full call number Barcode Date last seen Price effective from Koha item type
        Indian Institute of Public Administration Indian Institute of Public Administration 2018-08-04 P234x5451 K45 G7130 2018-08-04 2018-08-04 G

Powered by Koha